| 000 | 00425nam a2200169Ia 4500 | ||
|---|---|---|---|
| 005 | 20240823052935.0 | ||
| 008 | 240823s9999||||xx |||||||||||||| ||und|| | ||
| 041 | _aENGLISH | ||
| 082 | _A512.9 Q3 | ||
| 100 | _aJoseph A Mangaladoss | ||
| 245 | 0 | _aSequences and Series & Triginimetry | |
| 250 | _a1st | ||
| 260 |
_c2013 _b"Presi-Persi,Tirune" _aTirunelvali |
||
| 500 | _aYES | ||
| 650 |
_aGeneral _bGeneral |
||
| 942 | _cBK | ||
| 999 |
_c223042 _d223042 |
||